00665cam a2200205 a 450000100100000000500170001000800410002702000150006804000200008308200200010310000340012324501020015726000290025930000210028849000260030965000250033565000270036070000460038783000260043300000986020200929161733.0990203s1998 ec 001 p spa  a9978804242 aDO-SdBNPdBNPHU aE861.44bZ12ó1 aZabala Ruíz, Manuel,d1928-10aObra poética completa /cManuel Zabala Ruíz ; estudio introductorio, Xavier Oquendo Troncoso. aQuito :bLibresa,c1998. a280 p. ;c20 cm.1 aCrónica de Sueños 4aPoesía ecuatoriana 4aLiteratura ecuatoriana1 aOquendo Troncoso, Xavier,d1972-eintrod. 0aCrónica de Sueños